Los incentivos forestales en Costa Rica: políticas económicas del sector/
Saved in:
| Main Author: | |
|---|---|
| Format: | Book |
| Language: | Spanish |
| Tags: |
Add Tag
No Tags, Be the first to tag this record!
|
MARC
| LEADER | 00000nam a22000007a 4500 | ||
|---|---|---|---|
| 003 | cru CIDCACS/IIS | ||
| 005 | 20190116141847.0 | ||
| 007 | ta | ||
| 008 | 190116n cr |||p|r||||||0| ||spa|d | ||
| 999 | |c 42046 |d 42046 | ||
| 040 | |c cru CIDCACS/IIS | ||
| 100 | 1 | |9 177 |a Segura Bonilla, Olman | |
| 245 | 1 | |a Los incentivos forestales en Costa Rica: |b políticas económicas del sector/ |c Olman Segura B. | |
| 300 | |a 63 páginas : |b tablas, gráficos | ||
| 942 | |2 ddc |c PP | ||
| 773 | 0 | |0 42044 |9 2600 |a Universidad Nacional de Costa Rica |d Heredia, Costa Rica: Editorial Fundación UNA, |o 18886 |t Serie Política Económica / | |
